| 000 | 00790cam a2200217 4500 | ||
|---|---|---|---|
| 008 | 000000n2000 000 0 eng u | ||
| 035 | _a(Sirsi) u107304 | ||
| 245 | _aGrocery chains face curbs on local monopoly | ||
| 260 | _c2000 | ||
| 490 |
_aFinancial Times _v 24 July 2000, 2(1) |
||
| 520 | _aThe Competition Commission is considering steps to curb local monopolies as part of its big report on the big five supermarkets. These could include proposals to force supermarkets to sell some of their development land. | ||
| 590 | _aWB | ||
| 650 | _aSUPERMARKETS | ||
| 650 | _aCOMPETITION COMMISSION | ||
| 650 | _aMONOPOLIES | ||
| 650 | _aDEVELOPMENT LAND | ||
| 650 | _aRETAILERS | ||
| 650 | _aRETAILING | ||
| 690 | _aPROPERTY-COMMERCIAL PROPERTY-RETAIL PROPERTY | ||
| 942 | _n0 | ||
| 999 |
_c64155 _d64155 |
||